1463 1709 1996 1242 1137 1147 1585 1092 1430 1455 1529 1738 1608 1035 1985 1570 1437 1609 1505 1060 1519 1770 1565 1711 1214 1611 1523 1167 1456 1235 1822 1890 1084 1692 1349 1232 1960 1974 1864 1519 1850 1822 1479 1504 1192 1377 1545 1274 1765 1218 1718 1982 1452 1202 1639 1394 1853 1862 1205 1267 1104 1413 1911 1279 1653 1789 1947 1048 1726 1715 1974 1853 1326 1157 1079 1930 1069 1835 1029 1656 1610 1052 1214 1956 1352 1305 1780 1151 1872 1638 1734 1136 1911 1784 1083 1621 1883 1249 1774 BCNSPRNW ULIB Ver.6.0+V

เปลี่ยนเป็นภาษาไทย

Change to English
 แสดงรายละเอียดบรรณานุกรม
  กลับหน้าหลัก

Brief Record : Get Marc (ISO 2709) : E-mail record : QR code < ปิดหน้าต่าง
LEADER : 00000nam 2200000uu 4500
001    13399114857
003     ULIB
008    120611s2542||||th 000 0 tha d
020    ^a9742931178
060 04 ^aWA546^bด493ย 2542
245 00 ^aยุทธศาสตร์การปฏิรูประบบงานสาธารณสุข เขต 1 /^cสำนักงานสาธารณสุข เขต 1
250    ^aพิมพ์ครั้งที่ 1
260    ^a[นนทบุรี] :^bสำนักงานสาธารณสุข เขต 1 กระทรวงสาธารณสุข,^c2542
300    ^a78 หน้า ;^c26 ซม.
500    ^aSend to Single Search
650  4 ^aสาธารณสุข^zไทย
650  4 ^aสาธารณสุข^xการบริหาร
710 2  ^aกระทรวงสาธารณสุข. ^bสำนักงานสาธารณสุข เขต 1
945    ^p0^l0^i7241
995    ^aกัณชพร
999 ^a ใช้งานได้ทุกระบบ
รายการนี้ยังไม่มีแท็ก
คุณยังไม่ได้ล็อกอิน คุณสามารถมีกิจกรรมร่วมกับเว็บไซต์ได้ แต่ต้องล็อกอินก่อน ::
  ล็อกอิน

รายการสื่อสารสนเทศ

ลำดับที่ ประเภท เลขเรียก/บาร์โค้ด สถานที่ สถานะ
- ไม่พบข้อมูล -

BibComment


ยังไม่เคยถูกคอมเมนท์

คอมเมนท์ทรัพยากรรายการนี้
  คอมเมนท์: ยุทธศาสตร์การปฏิ..


 Copyright 2026. Bcnsprnw @Library